000
00246nam a2200097Ia 4500
008
230907s9999||||xx |||||||||||||| ||und||
082
_a
363.1
_b
TRA
245
0
_a
Transport planning & traffic safety :
300
_a
xxiii., 361 pages :
942
_c
BK
999
_c
600476
_d
600476